000 01375nam a2200301 a 4500
001 BRCA_5161
005 20190320204951.0
008 221110s1861----mx-######v---#000-0#spa-#
041 _aspa
044 _amx
084 _aDOC108
_b.A48
_c1861
100 1 _aAltamirando, Igancio Manuel
_913200
245 1 0 _aDocumento firmado por Don [Ignacio Manuel Altamirando] dirigido a Eduardo Goroztiza
_c[Ignacio Manuel Altamirando], Eduardo Goroztiza.
260 _aMéxico
_c1861
300 _a[1] foja
_c33 x 22 cm
500 _aDocumento firmado el 24 de febrero de 1861
500 _aEl Zarco escribe a Eduardo Goroztiza, nombrandole internamente gefe de la Legación de América en este Ministerio. Sueldo
_2,500 conforme a la ley de el 6 de enero de 1856
500 _aDocumento firmado bajo el seudonimo de ´Zarco´
500 _aEl documento contiene la leyenda DOC. #272
500 _aEstado de conservación: Contiene manchas de acidificación
506 0 _aFondo reservado: para su consulta es necesario credencial de usuario y carta de motivos
546 _aTexto en: español a mediados del siglo XIX
600 1 4 _aAltamirano, Ignacio Manuel
_cZarco
_d1834-1893
_913036
650 1 4 _aDiplomacia
_vManuscrito
_xDocumentos legales
_yConstitución y reforma, 1855-1863
_zMéxico
_913201
700 1 _aGoroztiza, Eduardo
_913202
902 _aFDH
942 _2lcc
_cD
999 _c4855
_d4855